00334nam a2200133Ia 4500008004100000100002200041245002600063250001200089260004300101300001000144650002400154942000700178999001500185190216s9999||||xx |||||||||||||| ||und|| aChakrabarthy. D.K 0aSolid State Chemistry a1st Ed. bNew Age International Publishersc2000 a259 p aChemistry-Chemistry cBK c2856d2856